000 00307nam a22001457a 4500
003 OSt
005 20160727222350.0
008 160622b xxu||||| |||| 00| 0 eng d
040 _cTEST
100 _9377
_aCook, R,
245 _aOut Break
260 _aLON
_bPan Book
300 _aOut Break
942 _2ddc
_cBK
999 _c306
_d306